| 000 | 00983nam a2200277Ia 4500 | ||
|---|---|---|---|
| 003 | OSt | ||
| 005 | 20221007121008.0 | ||
| 006 | a|||||r|||| 00| 0 | ||
| 007 | ta | ||
| 008 | 221006b |||||||| |||| 00| 0 eng d | ||
| 020 | _a9781420084481 (pbk) | ||
| 024 | _a84751 | ||
| 037 |
_b074, 21/08/2009, N R Book Distributors _cTextbook |
||
| 040 |
_aBDL _cBDL _beng |
||
| 041 |
_2eng _aeng |
||
| 082 | _aG:(F), P9 Carb | ||
| 100 |
_aHaider Syed Imtiaz _9710448 |
||
| 245 | 0 |
_aBiotechnology:a comprehensive training guide for the biotechnology industry _b Anika Ashok |
|
| 260 |
_aBoca _bRaton CRC Press _c2009 |
||
| 300 |
_axxxiii, 834p. Includes CD-ROM _ccm. |
||
| 500 | _aAppendix A-C, 539-834p.; Index 833-834p. | ||
| 650 |
_aBiotechnology-study and teaching _9710449 |
||
| 700 |
_a Anika Ashok _9710450 |
||
| 942 |
_hG:(F), P9 Carb _cTB _2CC |
||
| 999 |
_c1208298 _d1208298 |
||